000 00556nam a2200205 a 4500
001 83835
003 BD-RjUL
005 20240528110502.0
008 240528s1925 enk 000 1 eng d
035 _a(BD-RjUL)83835
040 _aANL
_beng
_cANL
_dNNCU:A
_dBD-RjUL
041 _aeng
082 0 4 _223
_a823.8
_bWOE 1925
100 1 _aWood, Henry,
_d1814-1887.
_913203
245 1 0 _aEast Lynne /
_cby Mrs. Henry Wood.
260 _aLondon :
_bReaders library,
_c[1925 ?]
300 _a253 p.;
_b17 cm.
650 _aEnglish Fiction
942 _2ddc
_cBK
999 _c83835
_d83835